Memorias de Victoriano Huerta /

Autobiografía de Victoriano Huerta (quien fuera presidente de México de 1913 a 1914), desde su niñez hasta 1915. Sin embargo, este libro es de origen dudoso, pues en las páginas iniciales está una "opinión autorizada" de Toribio Esquivel Obregón, donde habla de un "pequeño libro que se dice contiene...

Descripció completa

Guardat en:
Dades bibliogràfiques
Autor principal: Huerta, Victoriano (autor)
Format: Llibre
Idioma:espanyol
Matèries:
Etiquetes: Afegir etiqueta
Sense etiquetes, Sigues el primer a etiquetar aquest registre!

MARC

LEADER 00000nam^a2200000^a^4500
001 000096421
005 20250521000000.0
009 20260310092943.27
037 |a Acervo ITESO - Biblioteca 
041 |a ESP 
082 |a 972. 0612  |b HUE 
100 |a Huerta, Victoriano  |e (autor) 
245 1 0 |a Memorias de Victoriano Huerta /  |c V. Huerta. 
264 |a México :  |b Vértice,  |c 1957 
300 |a 137 p. 
336 |a texto  |b txt  |2 rdacontenido 
337 |a sin mediación  |b n  |2 rdamedio 
338 |a volumen  |b nc  |2 rdasoporte 
520 |a Autobiografía de Victoriano Huerta (quien fuera presidente de México de 1913 a 1914), desde su niñez hasta 1915. Sin embargo, este libro es de origen dudoso, pues en las páginas iniciales está una "opinión autorizada" de Toribio Esquivel Obregón, donde habla de un "pequeño libro que se dice contiene las memorias de Huerta", y del cual se dice que es apócrifo. A pesar de esto, Esquivel Obregón dice que es un libro que refleja fielmente a Huerta. 
649 |a XX 
650 |a Jefes de Estado Mexicanos -  |x Memorias 
650 |a Políticos Mexicanos -  |x Memorias 
650 |a Militares Mexicanos -  |x Memorias 
650 |a México -  |x Historia -  |y Régimen Huertista, 1913-1914 
650 |a México -  |x Historia -  |y Revolución, 1910-1917 
650 |a México -  |x Historia -  |y Siglo XX 
650 |a México -  |x Historia 
650 |a Huerta, Victoriano 
910 |a Fondo Jesús Rodríguez 
920 |a Impresos - Libros 
930 |a Fondos Especiales 
905 |a 113 
901 |a 0500032444  |b IT2  |c ESP  |u 20250521 
902 |a https://opac.biblio.iteso.mx/vufind/Record/000096421